000 00688nam a2200241 4500
001 1651
010 _a9789897224744
021 _aPT
_b440242/18
090 _a1651
100 _a20240226d2018 a||y0pory50030103ba
101 _apor
102 _aPT
200 _aA Odisseia de Homero adaptada para jovens
_fFrederico Lourenço
_gdes. Richard Luchi
205 _a1ª edição
210 _aLisboa
_cQuetzal
_d2018
215 _a356, [4] p.
_cil.
_d21 cm
300 _aBMB-Registado
675 _a087.5
_vBMB
_zpor
702 _aLourenço
_bFrederico
_f1963-
_4010
_91900
702 _aLuchi
_bRichard de
_f1947-
_4440
_91901
702 _aHomero
_fséc. VII a.C.
_91902
801 _aPT
_bBMB
_gRPC
990 _cLIVROS